| 000 | 005360000a22001690004500 | ||
|---|---|---|---|
| 090 |
_aAR _b04541 |
||
| 100 | 1 |
_aGuevara, Giovany _998581 |
|
| 700 | 1 |
_aLozano, Paola _998582 |
|
| 700 | 1 |
_aReinoso, Gladys _998583 |
|
| 700 | 1 |
_aVilla, Francisco _998584 |
|
| 245 | 1 | 0 | _aHorizontal and seasonal patterns of tropical zooplankton from the eutrophic Prado Reservoir (Colombia) |
| 041 | 0 | _aInglés | |
| 650 | 1 | 4 |
_aZooplancton _916360 |
| 651 | 4 |
_dTolima _lReserva de Prado _992749 |
|
| 942 | _cARTICULO | ||
| 773 | 1 |
_tLimnológica _q128-139 _d2009 _g39 |
|
| 999 |
_c13641 _d13641 |
||